000 00743 a2200193 4500
001 38603
005 20260407155648.0
008 260407a1971 arg spa d
003 AR-UNSa-BCEJYS
040 _aAR-UNSa-BCEJYS
_bspa
_cAR-UNSa-BCEJYS
080 _a658.8
_xOrganización de mercados. Marketing. Ventas. Distribución
245 1 0 _aEl marketing
_pcomo conseguir una red comercial
264 1 _aMéxico :
_bLimusa
_c1971
300 _a150 p.
_c18 cm.
505 _a1. El concepto de marketing - 2. La investigación comercial - 3. La planificación comercial - 4. El prodcuto y el precio - 5. La publicidad - 6. La promoción de ventas.
942 _cBK
590 _aniveau_biblio:m niveau_hierar:0
100 1 _aGarrido Fernández, R.
999 _c2906
_d2906